00563nam a2200181Ia 450000500170000000800410001702000150005808200130007310000200008624500470010626000460015330000130019965000270021265000230023994200060026295200980026899900150036620250430061300.0240331s9999 xx 000 0 und d a9555730393 bSARa891 aSarathchandra,E 0aSinhala nawakatha ithihasaya haa vicharaya aNugegodabSarasavi Bookshop Pvt Ltdc1997 a152 p ., aModern Sinhala Fiction aHistory and Review cL 001040708LaWERCLbWERCLcSSCd2024-03-31l0o 891.48 SARp2629r2024-03-31w2024-03-31yL c4934d4934